Statistics for Albums by The Cure

Click here to take the quiz!

General Stats

  • This quiz has been taken 330 times
  • The average score is 14 of 26

Answer Stats

Year ReleasedAlbum Title% Correct
1989Disintegration
87%
1982Pornography
86%
1987Kiss Me Kiss Me Kiss Me
79%
1985The Head on the Door
79%
1977Three Imaginary Boys
79%
1981Faith
76%
1992Wish
75%
1980Seventeen Seconds
74%
2004The Cure
74%
1980Boys Don't Cry
67%
2000Bloodflowers
60%
1984The Top
59%
1986 (compilation)Staring at the Sea: The Singles
56%
1984 (compilation)Japanese Whispers
50%
1996Wild Mood Swings
47%
1990 (remixes)Mixed Up
45%
1993 (live)Paris
44%
2001 (compilation)Greatest Hits
42%
20084:13 Dream
39%
1997 (compilation)Galore (Singles 1987-1997)
33%
1984 (live)Concert (The Cure Live)
32%
1993 (live)Show
32%
1991 (live)Entreat
29%
2004 (box set)Join The Dots (B-Sides and Rarities 1978-2001)
26%
2011 (live)Bestival Live 2011
23%
1981 (compilation)...Happily Ever After
14%

Score Distribution

Percentile by Number Answered

Percent of People with Each Score

Your Score History

You have not taken this quiz